000 00596cam a22002411 4500
001 sa 65008050
003 DLC
005 20260227112153.0
008 890530s1963 ii 000 0 tamo
010 _asa 65008050
035 _a(OCoLC)19786342
040 _aDLC
_cWaU
_dDLC
042 _apremarc
050 0 0 _aPL4758.9.K23
_bK3 1963
100 1 _aKallāṭar.
245 0 0 _aKallāṭar iyar̲r̲iya Kallāṭam.
250 _a[1st ed.]
260 _c1963.
300 _a36, 734 p.
_c22 cm.
500 _aIn Tamil.
600 1 0 _aSomasundaram, P. V.,
_d1909-
740 0 _aKallāṭam.
999 _c65515
_d65515